| 000 | 00351nam a22001457a 4500 | ||
|---|---|---|---|
| 003 | OSt | ||
| 008 | 230508b |||||||| |||| 00| 0 eng d | ||
| 020 | _a9789355013521 | ||
| 041 | _aeng | ||
| 082 |
_a658.0076 _bAGG/MO |
||
| 100 |
_aAggarwal, R.S _92073 |
||
| 245 | _aModern appoaoch to logical reasoning | ||
| 260 |
_a2023 _bS.Chand _c2022 |
||
| 942 | _cBK | ||
| 999 |
_c17674 _d17674 |
||